000 00481nam a2200193Ia 4500
003 GCL
008 140319s9999 xx 000 0 eng d
040 _aGCL /
_cGCL
082 0 4 _a834
_bM E
100 1 _aMANN, THOMAS E.
245 1 0 _aESSAYS OF THREE DECADES /
_cMANN, THOMAS E.
700 1 _aPORTER, H.T. HOWE
260 _a[S.N] :
_bSECKER & WARBURG
300 _a472 P
650 0 4 _aLITERATURE
650 0 4 _aTHOMAS MANN
650 0 4 _aGERMAN LITERATURE
942 _2ddc
_cBK
999 _c19615
_d19615